Principales problemas ambientales de salud pública y saneamiento del Ecuador

Opis bibliograficzny
Korporacja: Fundación Natura
Format: Książka
Język:Spanish
Hasła przedmiotowe:

MARC

LEADER 00000nam a22000007a 4500
003 Ucuenca
005 20240113063047.0
008 190108b1991 ec ||||| |||| 00| 0 spa d
040 |b spa 
041 0 |a es 
082 0 |a 577 
110 1 |a Fundación Natura  |9 232094 
245 |a Principales problemas ambientales de salud pública y saneamiento del Ecuador  |c Fundación Natura  |h imp 
264 |a Quito  |b Ministerio de Educación y Cultura  |c 1991 
300 |a 82 páginas:  |b ilu  |c 28.5 cm 
504 |a incl. ref. 
650 7 |a Ecología  |9 9 
650 0 |9 351  |a Medio ambiente 
650 0 |a Salud pública  |9 108 
942 |2 ddc  |c BK  |z bladimir.cabrerar@ucuenca.edu.ec 
999 |c 156592  |d 156592